000
00311pab a2200145 454500
008
180718b1997 xxu||||| |||| 00| 0 eng d
100
_a
Singh, Vishvjit P.
245
_a
Concealing facts
260
_c
1997
300
_a
p.11
362
_a
15 Nov
650
_a
Violence
773
_a
Pioneer
909
_a
36484
999
_c
36484
_d
36484